000 00403nam a2200181Ia 4500
005 20240823041835.0
008 240823s9999||||xx |||||||||||||| ||und||
041 _aENGLISH
082 _A822.33
100 _aShakespeare
245 4 _aThe Winter s Tale
250 _a1st
260 _c1963
_bNew American Li
500 _aTRANSFERED
650 _aStory
_bEnglish
942 _cBK
999 _c206459
_d206459